[Event "I Festival A"]
[Site "Lodi ITA"]
[Date "2005.06.11"]
[Round "3"]
[White "Frigieri, Fabrizio"]
[Black "Ficco, Corrado"]
[Result "0-1"]
[WhiteElo "2072"]
[BlackElo "2148"]
[PlyCount "148"]
[EventDate "2005.06.10"]

1. e4 c5 2. Nf3 e6 3. d4 cxd4 4. Nxd4 Nc6 5. Nc3 a6 6. Be2 Nge7 7. Be3 Nxd4 8.
Qxd4 b5 9. O-O Nc6 10. Qd2 Be7 11. f4 Qc7 12. Rad1 d6 13. Bf3 Bb7 14. Kh1 Rc8
15. Qf2 O-O 16. Rd2 Rfe8 17. Ne2 Qb8 18. Rfd1 Qa8 19. Bb6 Nb8 20. Ng3 Nd7 21.
Bd4 Bf8 22. Qe2 e5 23. fxe5 Nxe5 24. Qf2 g6 25. Rf1 Rc7 26. Bb6 Rd7 27. b3 Qb8
28. Ne2 Bc6 29. Nc3 Qb7 30. Bd4 Bh6 31. Re2 Bg7 32. Bxe5 Bxe5 33. Nd5 Bxd5 34.
exd5 Rde7 35. Rfe1 Rc8 36. g4 Qc7 37. Be4 Qa5 38. Qh4 Ree8 39. Re3 Rc3 40. Rxc3
Qxc3 41. Rd1 Bf6 42. g5 Bxg5 43. Qg4 Qe5 44. Bf3 Bf4 45. Qg2 Qc3 46. Be4 f5 47.
Bd3 Qe5 48. c4 bxc4 49. Bxc4 a5 50. a4 Qe4 51. Qxe4 fxe4 52. Re1 Kf7 53. Kg2
Kf6 54. h3 g5 55. Kf2 Ke5 56. Rg1 Kd4 57. Ke2 Rg8 58. Rd1+ Kc5 59. Rf1 Kd4 60.
Rd1+ Ke5 61. Rb1 g4 62. hxg4 Rxg4 63. Rh1 h6 64. Rh5+ Bg5 65. Rh2 Rh4 66. Rg2
Rh1 67. Rf2 Bf4 68. Rg2 Rh2 69. Rxh2 Bxh2 70. b4 axb4 71. a5 Bg1 72. a6 Bb6 73.
Bb3 Kd4 74. Kf2 Kc3+ 0-1

[Event "I Festival A"]
[Site "Lodi ITA"]
[Date "2005.06.11"]
[Round "3"]
[White "Galassi, Federico"]
[Black "Brugo, Marco"]
[Result "1/2-1/2"]
[WhiteElo "2210"]
[BlackElo "2084"]
[PlyCount "40"]
[EventDate "2005.06.10"]

1. e4 e6 2. d4 d5 3. Nc3 Nf6 4. Bg5 Bb4 5. e5 h6 6. Bd2 Bxc3 7. bxc3 Ne4 8. Bd3
Nxd2 9. Qxd2 c5 10. f4 b6 11. Nf3 Ba6 12. Bxa6 Nxa6 13. f5 exf5 14. O-O Nc7 15.
dxc5 bxc5 16. Rad1 O-O 17. Qf4 Ne6 18. Qxf5 Qa5 19. Rxd5 Qxc3 20. Rfd1 Qa5
1/2-1/2

[Event "I Festival A"]
[Site "Lodi ITA"]
[Date "2005.06.11"]
[Round "3"]
[White "Giretti Kanev, Jasen"]
[Black "Vecchia, Mario"]
[Result "1-0"]
[WhiteElo "2166"]
[BlackElo "2058"]
[PlyCount "65"]
[EventDate "2005.06.10"]

1. Nf3 Nf6 2. g3 g6 3. Bg2 Bg7 4. O-O O-O 5. d3 d6 6. c4 c6 7. Nc3 Nbd7 8. Rb1
e5 9. e4 Re8 10. Bg5 h6 11. Be3 Nf8 12. h3 Ne6 13. Qd2 Kh7 14. b3 Qc7 15. Rbd1
c5 16. Nh4 Nd4 17. f4 exf4 18. gxf4 Nh5 19. Nd5 Qd8 20. Qf2 f5 21. Rde1 Be6 22.
Nf3 Nxf3+ 23. Qxf3 Bxd5 24. cxd5 Qd7 25. Bf2 Rad8 26. Re2 Bc3 27. Rc1 Bb4 28.
e5 Qe7 29. d4 b6 30. a3 Bxa3 31. Rce1 cxd4 32. exd6 Qd7 33. Re7+ 1-0

[Event "I Festival A"]
[Site "Lodi ITA"]
[Date "2005.06.11"]
[Round "3"]
[White "Gromovs, Sergejs"]
[Black "Perissinotto, Claudio"]
[Result "0-1"]
[WhiteElo "2362"]
[BlackElo "2098"]
[PlyCount "90"]
[EventDate "2005.06.10"]

1. d4 d5 2. Nf3 Nf6 3. c4 e6 4. Nc3 Be7 5. Bf4 O-O 6. e3 c5 7. dxc5 Bxc5 8. Qc2
Nc6 9. a3 dxc4 10. Bxc4 a6 11. O-O b5 12. Nxb5 axb5 13. Bxb5 Na7 14. Qxc5 Nxb5
15. a4 Na7 16. Rfd1 Bd7 17. Ne5 Qe8 18. Rd4 Bc6 19. f3 Nd5 20. Bg3 f6 21. Nc4
e5 22. Rxd5 Bxd5 23. Qxd5+ Qf7 24. Qe4 Rfd8 25. b3 Rab8 26. Rb1 Qd5 27. Qxd5+
Rxd5 28. Be1 Rc5 29. Nd2 Nc6 30. Ne4 Rc2 31. b4 Kf7 32. b5 f5 33. Nf2 Ra2 34.
Rc1 Ne7 35. Nd3 Rxa4 36. Nxe5+ Ke6 37. Nd3 Ra3 38. Nf4+ Kf7 39. Rc7 Rxb5 40.
Kf2 g5 41. Ne2 Rb2 42. Kf1 Rxe3 43. Nc3 Rc2 44. h3 Rc1 45. Kf2 Rexe1 0-1

[Event "I Festival A"]
[Site "Lodi ITA"]
[Date "2005.06.11"]
[Round "3"]
[White "Jurkovic, Ante"]
[Black "Voloshin, Leonid"]
[Result "0-1"]
[WhiteElo "2336"]
[BlackElo "2474"]
[PlyCount "76"]
[EventDate "2005.06.10"]

1. e4 c5 2. Nf3 e6 3. d4 cxd4 4. Nxd4 a6 5. Nc3 b5 6. Bd3 Qc7 7. O-O Nf6 8. Qe2
d6 9. f4 Nbd7 10. Nf3 Bb7 11. Bd2 b4 12. Nd1 d5 13. e5 Ne4 14. Be3 Bc5 15. Bxc5
Qxc5+ 16. Kh1 O-O 17. Nf2 Rfc8 18. Rae1 a5 19. Ng5 Nxg5 20. fxg5 Nf8 21. Qh5
Ng6 22. Ng4 Ba6 23. Re3 Bxd3 24. Rxd3 Qxc2 25. Rdf3 Ra7 26. h3 d4 27. Rg3 Qc5
28. Nf6+ gxf6 29. gxf6 Kh8 30. Kh2 Qxe5 31. Qh6 Rg8 32. Rff3 Qd6 33. Kh1 Qf8
34. Qd2 Rd7 35. Rg5 Qh6 36. Rfg3 Rd5 37. Kg1 Rxg5 38. Rxg5 Qh4 0-1

[Event "I Festival A"]
[Site "Lodi ITA"]
[Date "2005.06.11"]
[Round "3"]
[White "Korneev, Oleg"]
[Black "Sciortino, Massimo"]
[Result "1-0"]
[WhiteElo "2611"]
[BlackElo "2306"]
[PlyCount "109"]
[EventDate "2005.06.10"]

1. e4 d6 2. d4 Nf6 3. Nc3 g6 4. f4 Bg7 5. Nf3 c5 6. Bb5+ Bd7 7. Bxd7+ Nbxd7 8.
d5 O-O 9. Qe2 e6 10. dxe6 fxe6 11. O-O Qb6 12. a4 d5 13. a5 Qc6 14. e5 Nh5 15.
g3 a6 16. Nd1 Bh6 17. Nf2 Ng7 18. c3 Ne8 19. h4 Nc7 20. Kg2 Rad8 21. h5 gxh5
22. Rh1 d4 23. Rxh5 Bg7 24. Bd2 Rf7 25. Rah1 Nf8 26. c4 Ne8 27. Qd3 b5 28. axb6
Rb7 29. Ra1 Qxb6 30. Rhh1 Qc6 31. b3 Rdb8 32. Rhb1 Ng6 33. Ne4 Bh6 34. Kf2 Bf8
35. Ra3 Be7 36. Rba1 Rb6 37. Neg5 Qb7 38. Rb1 Qc6 39. Qe4 Qxe4 40. Nxe4 Nf8 41.
Ne1 Nd7 42. Nd3 Nc7 43. Ba5 Rc6 44. Bxc7 Rxc7 45. Rxa6 Kf7 46. Nd6+ Bxd6 47.
exd6 Rcb7 48. b4 Kf6 49. Rh1 Kg6 50. Re1 Rb6 51. Rxb6 Rxb6 52. bxc5 Ra6 53.
Ne5+ Nxe5 54. fxe5 Ra2+ 55. Re2 1-0

[Event "I Festival A"]
[Site "Lodi ITA"]
[Date "2005.06.11"]
[Round "3"]
[White "Lazic, Miroljub"]
[Black "Rombaldoni, Denis"]
[Result "1-0"]
[WhiteElo "2500"]
[BlackElo "2336"]
[PlyCount "77"]
[EventDate "2005.06.10"]

1. g3 d5 2. Nf3 Nf6 3. Bg2 Bf5 4. O-O e6 5. d3 Be7 6. b3 O-O 7. Bb2 c5 8. Ne5
Nc6 9. Nxc6 bxc6 10. Nd2 Qb6 11. e4 Bg6 12. Qe2 Bh5 13. Qe1 Rfd8 14. Kh1 Qa5
15. a3 Rab8 16. f4 h6 17. h3 Re8 18. Qf2 Bg6 19. g4 Nd7 20. f5 exf5 21. gxf5
Bh7 22. exd5 cxd5 23. Bxd5 Bf6 24. Nc4 Qc7 25. Rg1 Bxb2 26. Nxb2 Qe5 27. Bc6
Bxf5 28. Raf1 Bg6 29. Nc4 Qc7 30. Qg2 Re7 31. Bd5 Nf8 32. h4 h5 33. Qg3 Qd8 34.
Nd6 Ne6 35. c4 Rd7 36. Nxf7 Bxf7 37. Rxf7 Rxf7 38. Bxe6 Qf8 39. Bxf7+ 1-0

[Event "I Festival A"]
[Site "Lodi ITA"]
[Date "2005.06.11"]
[Round "3"]
[White "Magrini, Fabrizio"]
[Black "Lucchese, Paolo"]
[Result "1-0"]
[WhiteElo "1856"]
[BlackElo "2014"]
[PlyCount "45"]
[EventDate "2005.06.10"]

1. e4 c5 2. Nf3 d6 3. d4 cxd4 4. Nxd4 Nf6 5. Nc3 g6 6. Be3 Bg7 7. f3 O-O 8. Qd2
Nc6 9. Bc4 Bd7 10. h4 Rc8 11. Bb3 h5 12. O-O-O Ne5 13. Bg5 Rc5 14. Kb1 Nh7 15.
Bh6 Bxh6 16. Qxh6 Rxc3 17. bxc3 Qc7 18. g4 hxg4 19. f4 Nc4 20. h5 g5 21. fxg5
f6 22. g6 Ng5 23. g7 1-0

[Event "I Festival A"]
[Site "Lodi ITA"]
[Date "2005.06.11"]
[Round "3"]
[White "Maksimenko, Andrei"]
[Black "Naumkin, Igor"]
[Result "1-0"]
[WhiteElo "2510"]
[BlackElo "2412"]
[PlyCount "57"]
[EventDate "2005.06.10"]

1. d4 Nf6 2. c4 e6 3. Nc3 Bb4 4. Qc2 O-O 5. a3 Bxc3+ 6. Qxc3 b6 7. Bg5 Bb7 8.
f3 h6 9. Bh4 d5 10. e3 Nbd7 11. cxd5 exd5 12. Bd3 Re8 13. Ne2 c5 14. O-O c4 15.
Bc2 b5 16. a4 a6 17. Be1 Qe7 18. Bd2 Bc6 19. Ng3 b4 20. Qxb4 Qxb4 21. Bxb4 Rxe3
22. Nf5 Re2 23. Rf2 Rxf2 24. Kxf2 Bb7 25. Re1 Re8 26. Ne7+ Kh8 27. a5 g6 28.
Ba4 Kg7 29. Bxd7 1-0

[Event "I Festival A"]
[Site "Lodi ITA"]
[Date "2005.06.11"]
[Round "3"]
[White "Martin, Joel"]
[Black "Luciani, Valerio"]
[Result "1/2-1/2"]
[WhiteElo "2047"]
[BlackElo "2241"]
[PlyCount "50"]
[EventDate "2005.06.10"]

1. e4 d6 2. d4 Nf6 3. Nc3 c6 4. Nf3 Bg4 5. Be2 e6 6. h3 Bh5 7. O-O d5 8. exd5
Bxf3 9. Bxf3 cxd5 10. Bf4 Bd6 11. Ne2 Nc6 12. Qd2 O-O 13. c3 Na5 14. Bxd6 Nc4
15. Qc2 Nxd6 16. Nf4 Qc7 17. Nd3 a5 18. a4 Nd7 19. Rfe1 Rfb8 20. Ne5 Nxe5 21.
Rxe5 b5 22. axb5 Rxb5 23. Be2 Nc4 24. b3 Nxe5 25. Bxb5 Nc6 1/2-1/2

[Event "I Festival A"]
[Site "Lodi ITA"]
[Date "2005.06.11"]
[Round "3"]
[White "Martinez, Rolly"]
[Black "Di Paolo, Raffaele"]
[Result "0-1"]
[WhiteElo "2414"]
[BlackElo "2284"]
[PlyCount "88"]
[EventDate "2005.06.10"]

1. e4 c5 2. Nf3 Nc6 3. Nc3 e6 4. d4 cxd4 5. Nxd4 Qc7 6. Be2 a6 7. O-O Nf6 8.
Be3 Bb4 9. Nxc6 bxc6 10. Na4 Be7 11. Qd4 Rb8 12. c4 c5 13. Qd3 Bb7 14. Nc3 O-O
15. f4 d6 16. Bf3 Rbd8 17. Rad1 Nd7 18. g4 g6 19. g5 f6 20. h4 fxg5 21. hxg5
Nb6 22. Bg4 Bc8 23. Bf3 Bd7 24. Bg2 Na4 25. Nxa4 Bxa4 26. b3 Bc6 27. Bc1 Rfe8
28. f5 exf5 29. exf5 Bxg2 30. fxg6 Bf8 31. Rf7 Be4 32. Qc3 Qc8 33. gxh7+ Bxh7
34. Rf4 Bg7 35. Qf3 Re5 36. Qg2 Qe6 37. Rf6 Re1+ 38. Kh2 Qe2 39. Rxe1 Qxe1 40.
Qd5+ Kh8 41. Bf4 Qh4+ 42. Kg2 Bxf6 43. gxf6 Qxf4 44. Qf7 Rg8+ 0-1

[Event "I Festival A"]
[Site "Lodi ITA"]
[Date "2005.06.11"]
[Round "3"]
[White "Mercandelli, Claudio"]
[Black "Gasperi, Fosco"]
[Result "1-0"]
[WhiteElo "2105"]
[BlackElo "2168"]
[PlyCount "71"]
[EventDate "2005.06.10"]

1. c4 f5 2. g3 Nf6 3. Bg2 g6 4. Nc3 Bg7 5. d3 O-O 6. e4 d6 7. exf5 gxf5 8. Nge2
c6 9. O-O Qe8 10. f4 Na6 11. h3 Bd7 12. Rb1 Qg6 13. Be3 Nh5 14. Kh2 Kh8 15. Bf3
Rg8 16. Rg1 Nf6 17. b4 Qh6 18. Kg2 e5 19. Qd2 e4 20. dxe4 fxe4 21. Nxe4 Bxh3+
22. Kf2 Nxe4+ 23. Bxe4 Qe6 24. Qd3 h6 25. Nd4 Qf6 26. Rh1 c5 27. Nc2 Bc8 28. b5
Nc7 29. Rh5 Bg4 30. Rh4 h5 31. Rbh1 Bh6 32. f5 Raf8 33. Bxh6 Qxh6 34. Ne3 d5
35. Nxg4 dxe4 36. Qc3+ 1-0

[Event "I Festival A"]
[Site "Lodi ITA"]
[Date "2005.06.11"]
[Round "3"]
[White "Mrdja, Milan"]
[Black "Corsino, Gianluca"]
[Result "1-0"]
[WhiteElo "2373"]
[BlackElo "2053"]
[PlyCount "73"]
[EventDate "2005.06.10"]

1. e4 c5 2. Nf3 d6 3. d4 cxd4 4. Nxd4 Nf6 5. f3 Nc6 6. c4 g6 7. Nc3 Bg7 8. Be3
O-O 9. Qd2 Bd7 10. Rc1 Rc8 11. b3 a6 12. Be2 Nxd4 13. Bxd4 b5 14. O-O Qa5 15.
Rfd1 Rfe8 16. Rc2 bxc4 17. Bxc4 Kf8 18. Qf2 Bb5 19. Bxb5 axb5 20. Rdc1 Rc6 21.
g3 Rec8 22. Nd5 Rxc2 23. Rxc2 Rxc2 24. Qxc2 Qe1+ 25. Kg2 Ne8 26. Bf2 Qa5 27. a4
bxa4 28. bxa4 e6 29. Nb6 Qc3 30. Qd1 Qc6 31. Qd3 Nc7 32. a5 Ke8 33. a6 Nb5 34.
Qc4 Qxc4 35. Nxc4 d5 36. exd5 exd5 37. Nd6+ 1-0

[Event "I Festival A"]
[Site "Lodi ITA"]
[Date "2005.06.11"]
[Round "3"]
[White "Pegoraro, Nicola"]
[Black "Andersen, Alf R."]
[Result "0-1"]
[WhiteElo "2082"]
[BlackElo "2182"]
[PlyCount "54"]
[EventDate "2005.06.10"]

1. e4 c5 2. Nf3 d6 3. d4 cxd4 4. Nxd4 Nf6 5. Nc3 g6 6. Be2 Bg7 7. O-O Nc6 8.
Nb3 O-O 9. Kh1 Be6 10. f4 Rc8 11. Bf3 Na5 12. f5 Bd7 13. Nxa5 Qxa5 14. Bd2 Qb6
15. g4 Bc6 16. Rb1 Nd7 17. Qe2 Ne5 18. Bg2 a6 19. Be3 Qb4 20. a3 Qc4 21. h3
Qxe2 22. Nxe2 Bb5 23. Rfe1 Rxc2 24. Nd4 Rxg2 25. Kxg2 Bd3 26. Rbd1 Bxe4+ 27.
Kg3 Nd3 0-1

[Event "I Festival A"]
[Site "Lodi ITA"]
[Date "2005.06.11"]
[Round "3"]
[White "Polat, Cihan"]
[Black "Vicari, Luigi"]
[Result "0-1"]
[WhiteElo "2179"]
[BlackElo "2072"]
[PlyCount "68"]
[EventDate "2005.06.10"]

1. d4 Nf6 2. c4 g6 3. Nc3 Bg7 4. e4 d6 5. Nf3 O-O 6. Be2 e5 7. O-O Nc6 8. d5
Ne7 9. b4 Ne8 10. c5 f5 11. Qb3 Nf6 12. Ng5 h6 13. cxd6 cxd6 14. Ne6 Bxe6 15.
dxe6 Nxe4 16. Nxe4 fxe4 17. b5 d5 18. Ba3 d4 19. Bc4 Kh7 20. Rfe1 Rf4 21. Bc1
d3 22. Bxf4 exf4 23. Rad1 Qd4 24. Bxd3 exd3 25. Rxd3 Qc5 26. Rd7 Bd4 27. Qf3
Rf8 28. h4 a6 29. h5 Rf5 30. Qxb7 Bxf2+ 31. Kf1 Bh4 32. Rxe7+ Bxe7 33. hxg6+
Kxg6 34. bxa6 Bh4 0-1

[Event "I Festival A"]
[Site "Lodi ITA"]
[Date "2005.06.11"]
[Round "3"]
[White "Pulito, Alberto"]
[Black "Drazic, Sinisa"]
[Result "0-1"]
[WhiteElo "2202"]
[BlackElo "2495"]
[PlyCount "100"]
[EventDate "2005.06.10"]

1. e4 e6 2. d4 d5 3. e5 c5 4. c3 Bd7 5. Nf3 a6 6. Be2 cxd4 7. cxd4 Bb5 8. O-O
Nc6 9. Nc3 Bxe2 10. Qxe2 Nge7 11. Be3 Nf5 12. Rac1 Rc8 13. Na4 Qa5 14. Nc5 Bxc5
15. Rxc5 Qxa2 16. g4 Nfe7 17. Qd3 b6 18. Rc3 Qa5 19. Bd2 Qb5 20. Qxb5 axb5 21.
Ra1 h5 22. h3 hxg4 23. hxg4 Kd7 24. Rb3 Rh3 25. Kg2 Rch8 26. Raa3 Ng6 27. Bg5
f6 28. exf6 gxf6 29. Bxf6 Nf4+ 30. Kf1 Rh1+ 31. Ng1 b4 32. Ra6 Rc8 33. Ra1 Rg8
34. Rg3 Rg6 35. Be5 Nxe5 36. dxe5 Rg5 37. Re1 Kc6 38. Ree3 Kc5 39. Ref3 Ng6 40.
Rf6 Nxe5 41. Kg2 Nxg4 42. Kxh1 Rh5+ 43. Kg2 Nxf6 44. Ne2 Ne4 45. Re3 Rg5+ 46.
Kf1 Rf5 47. f3 e5 48. Kg2 Nd6 49. b3 Rh5 50. Ng3 Rg5 0-1

[Event "I Festival A"]
[Site "Lodi ITA"]
[Date "2005.06.11"]
[Round "3"]
[White "Pylypchuk, Oleg"]
[Black "Romagnoli, Franco"]
[Result "1-0"]
[WhiteElo "2065"]
[BlackElo "2115"]
[PlyCount "69"]
[EventDate "2005.06.10"]

1. e4 g6 2. d4 Bg7 3. c4 c6 4. Nc3 d6 5. Be3 Nd7 6. Qd2 Ngf6 7. f3 Qa5 8. Nge2
h5 9. h4 a6 10. a3 Qc7 11. Rc1 Nb6 12. Ng3 Nbd7 13. b4 Ng8 14. Be2 Bh6 15. O-O
d5 16. e5 dxc4 17. Bxc4 Nxe5 18. dxe5 Qxe5 19. Bxh6 Nxh6 20. Rcd1 Bf5 21. Nxf5
Nxf5 22. Rfe1 Qc7 23. Qg5 Rd8 24. Qf6 Qb6+ 25. Kh1 Rf8 26. Nd5 Rxd5 27. Rxd5
Qf2 28. Rdd1 Ne3 29. Qg5 Nf5 30. Bd3 Qxh4+ 31. Qxh4 Nxh4 32. Be4 e6 33. g3 Nf5
34. Bxf5 gxf5 35. Rd4 1-0

[Event "I Festival A"]
[Site "Lodi ITA"]
[Date "2005.06.11"]
[Round "3"]
[White "Ranola, Yves"]
[Black "Efimov, Igor"]
[Result "1-0"]
[WhiteElo "2467"]
[BlackElo "2458"]
[PlyCount "77"]
[EventDate "2005.06.10"]

1. c4 e6 2. g3 d5 3. Bg2 g6 4. Nf3 Bg7 5. O-O Ne7 6. Qc2 d4 7. d3 c5 8. e4 Nbc6
9. Qe2 e5 10. Ne1 O-O 11. f4 a6 12. Nd2 Qc7 13. Ndf3 Bh6 14. fxe5 Bxc1 15. Rxc1
Bg4 16. Qd2 Bxf3 17. Nxf3 Nxe5 18. Nxe5 Qxe5 19. Rf4 Nc6 20. Rcf1 f6 21. h4
Rab8 22. g4 Qe7 23. Qf2 Ne5 24. Qg3 b5 25. b3 bxc4 26. bxc4 h6 27. R1f2 Kg7 28.
Bf1 Rf7 29. g5 Rb6 30. Rf5 Nd7 31. e5 Kh7 32. exf6 Qe1 33. h5 Nf8 34. Re5 Qd1
35. Re7 Rb7 36. Rfe2 Kg8 37. Rxb7 Rxb7 38. hxg6 Nxg6 39. Qf3 1-0

[Event "I Festival A"]
[Site "Lodi ITA"]
[Date "2005.06.11"]
[Round "3"]
[White "Roberti, Ignazio"]
[Black "Gilardone, Adriano"]
[Result "0-1"]
[WhiteElo "1954"]
[BlackElo "2105"]
[PlyCount "62"]
[EventDate "2005.06.10"]

1. e4 e5 2. Nf3 d5 3. d4 dxe4 4. Nxe5 Bd6 5. Qe2 Nf6 6. Bg5 O-O 7. Nc3 Bb4 8.
Qc4 Qd6 9. O-O-O Be6 10. d5 Bxc3 11. Bxf6 Bxb2+ 12. Kxb2 gxf6 13. dxe6 Qxe5+
14. c3 fxe6 15. Qb3 Na6 16. Bc4 Nc5 17. Qb5 c6 18. Qb4 b5 19. Be2 Rfd8 20. Rd4
a5 21. f4 axb4 22. fxe5 bxc3+ 23. Kxc3 Na4+ 24. Rxa4 Rxa4 25. exf6 Rxa2 26. Bg4
Kf7 27. Rf1 c5 28. Bh5+ Kf8 29. Rd1 Rxd1 30. Bxd1 Rxg2 31. h4 Kf7 0-1

[Event "I Festival A"]
[Site "Lodi ITA"]
[Date "2005.06.11"]
[Round "3"]
[White "Rosin, Federico"]
[Black "Giannetta, Paolo"]
[Result "1-0"]
[WhiteElo "2127"]
[BlackElo "2045"]
[PlyCount "71"]
[EventDate "2005.06.10"]

1. c4 f5 2. g3 g6 3. Bg2 Bg7 4. Nc3 Nf6 5. d3 d6 6. Nf3 c6 7. Rb1 O-O 8. O-O
Nh5 9. Bd2 a5 10. a3 Nd7 11. b4 axb4 12. axb4 f4 13. b5 fxg3 14. hxg3 Ne5 15.
Nxe5 Bxe5 16. bxc6 bxc6 17. Bxc6 Bh3 18. Bg2 Bxg2 19. Kxg2 Qc8 20. e4 Ra3 21.
Nd5 Qd7 22. Be3 Ra2 23. Nb4 Ra3 24. f4 Bc3 25. Rf2 Rb8 26. Nd5 Rxb1 27. Qxb1
Qg4 28. Rf3 Kf7 29. Bf2 Ra1 30. Qb7 Bf6 31. Ne3 Qe6 32. f5 Qe5 33. fxg6+ hxg6
34. d4 Qg5 35. Nd5 Kg7 36. Nxf6 1-0

[Event "I Festival A"]
[Site "Lodi ITA"]
[Date "2005.06.11"]
[Round "3"]
[White "Ruiz, Richard"]
[Black "Canova, Luca"]
[Result "1-0"]
[WhiteElo "2148"]
[BlackElo "2050"]
[PlyCount "93"]
[EventDate "2005.06.10"]

1. d4 d5 2. Nc3 Nf6 3. Bg5 e6 4. e4 dxe4 5. Nxe4 Be7 6. Bxf6 Bxf6 7. Nf3 b6 8.
c3 Bb7 9. Bd3 Nd7 10. Qc2 Qe7 11. a4 a5 12. Qe2 g6 13. Qe3 Bg7 14. O-O O-O 15.
Rfe1 Rac8 16. Qf4 Nf6 17. Nfd2 Bxe4 18. Bxe4 Qd6 19. Qh4 Nxe4 20. Nxe4 Qd8 21.
Re2 Qd5 22. Qg3 c5 23. dxc5 bxc5 24. h4 Rb8 25. Qe3 c4 26. Rae1 Rfd8 27. Ng3
Qd3 28. Qf4 e5 29. Qc1 Qd7 30. Qa1 h5 31. Ne4 Qg4 32. Nd2 f5 33. Qa2 Rbc8 34.
g3 Bh6 35. Nf1 e4 36. b3 Rd3 37. bxc4 Kh7 38. c5 Rxc5 39. Qf7+ Bg7 40. c4 Rd8
41. Ne3 Qf3 42. Qe7 Rcc8 43. Nd5 Rf8 44. Nc7 Rxc7 45. Qxc7 f4 46. Rxe4 fxg3 47.
Qxg3 1-0

[Event "I Festival A"]
[Site "Lodi ITA"]
[Date "2005.06.11"]
[Round "3"]
[White "Salvador, Roland"]
[Black "Zezulkin, Jurij"]
[Result "0-1"]
[WhiteElo "2360"]
[BlackElo "2512"]
[PlyCount "127"]
[EventDate "2005.06.10"]

1. d4 Nf6 2. Nf3 g6 3. Nc3 d5 4. Bf4 Bg7 5. e3 O-O 6. Be2 c5 7. Ne5 Nc6 8. O-O
cxd4 9. exd4 Qb6 10. Nxc6 bxc6 11. Na4 Qa5 12. c3 Nd7 13. b4 Qd8 14. Qd2 Re8
15. Bh6 Bh8 16. f4 a5 17. b5 cxb5 18. Bxb5 Ba6 19. Rab1 Bxb5 20. Rxb5 e6 21.
Qd3 Qc7 22. f5 exf5 23. Rxd5 Nf6 24. Rc5 Qb7 25. Rb5 Qe4 26. Qxe4 Nxe4 27. Rd1
Rac8 28. Bd2 Bf6 29. Be1 Nd6 30. Rb6 Red8 31. Nc5 Nc4 32. Rxf6 Rxc5 33. dxc5
Rxd1 34. Kf1 Kf8 35. Ra6 Ke7 36. Ke2 Rd5 37. Bh4+ Kd7 38. c6+ Kc7 39. Bg3+ Ne5
40. c4 Rc5 41. Ke3 f6 42. Kd4 Rxc4+ 43. Kd5 f4 44. Be1 Rxc6 45. Bxa5+ Kd7 46.
Rxc6 Nxc6 47. Bc3 f5 48. a4 g5 49. Bf6 g4 50. Bg5 Nb4+ 51. Kc4 f3 52. gxf3 gxf3
53. Be3 Nc6 54. Kd5 Nb4+ 55. Kc4 Nc6 56. Kc5 Ne5 57. a5 Ng4 58. a6 Kc8 59. Kc6
Kb8 60. Bd4 f4 61. Bg1 f2 62. Bxf2 Nxf2 63. Kd5 f3 64. Kd6 0-1

[Event "I Festival A"]
[Site "Lodi ITA"]
[Date "2005.06.11"]
[Round "3"]
[White "Sulava, Nenad"]
[Black "Dragojlovic, Andjelko"]
[Result "1/2-1/2"]
[WhiteElo "2478"]
[BlackElo "2285"]
[PlyCount "60"]
[EventDate "2005.06.10"]

1. Nf3 g6 2. e4 c5 3. c4 Nc6 4. d4 cxd4 5. Nxd4 Nf6 6. Nc3 Nxd4 7. Qxd4 d6 8.
Be2 Bg7 9. Be3 O-O 10. Qd2 Qa5 11. f3 Be6 12. Rc1 Rfc8 13. b3 a6 14. Na4 Qxd2+
15. Kxd2 Nd7 16. g4 Rab8 17. Nc3 a5 18. Nd5 Bxd5 19. cxd5 Bb2 20. Rc4 Rxc4 21.
bxc4 Ba3 22. Kc2 Bc5 23. Bd2 b6 24. Bc3 Be3 25. h4 f6 26. Rf1 Bf4 27. Bd4 h6
28. Rb1 g5 29. h5 Kf7 30. Kb3 Nc5+ 1/2-1/2

[Event "I Festival A"]
[Site "Lodi ITA"]
[Date "2005.06.11"]
[Round "3"]
[White "Tencati, Giuseppe"]
[Black "Rogulj, Branko"]
[Result "1/2-1/2"]
[WhiteElo "2093"]
[BlackElo "2382"]
[PlyCount "105"]
[EventDate "2005.06.10"]

1. d4 Nf6 2. c4 c5 3. d5 e6 4. Nc3 exd5 5. cxd5 d6 6. e4 g6 7. Nf3 Bg7 8. h3
O-O 9. Bd3 Re8 10. O-O c4 11. Bc2 a6 12. a4 Nbd7 13. Bf4 Nc5 14. Re1 Qb6 15. a5
Qxb2 16. Na4 Nxa4 17. Rxa4 Bd7 18. Rxc4 Rac8 19. Rxc8 Rxc8 20. Ba4 Qa3 21. Bxd7
Nxd7 22. Qb1 Rc7 23. Rc1 Rxc1+ 24. Bxc1 Qc5 25. Be3 Qc7 26. Nd4 Nc5 27. Nb3 Na4
28. Qd3 Nb2 29. Qd2 Qc4 30. Nd4 Nd3 31. Qc2 Qxc2 32. Nxc2 Bc3 33. Bb6 Kf8 34.
Ne3 Ke7 35. Nc4 f5 36. f3 Bb4 37. Kf1 Bc5 38. Bxc5 Nxc5 39. exf5 gxf5 40. g4
fxg4 41. hxg4 Nd3 42. Nb6 Kf6 43. Nc4 Ke7 44. Nb6 Ne5 45. Ke2 Kf6 46. Ke3 h6
47. Ke4 Ke7 48. Nc8+ Kd7 49. Nb6+ Kc7 50. Na8+ Kc8 51. Nb6+ Kd8 52. Kf4 Ke8 53.
Ke4 1/2-1/2

[Event "I Festival A"]
[Site "Lodi ITA"]
[Date "2005.06.11"]
[Round "3"]
[White "Vincenzi, Marco"]
[Black "Rombaldoni, Axel"]
[Result "0-1"]
[WhiteElo "2053"]
[BlackElo "2147"]
[PlyCount "78"]
[EventDate "2005.06.10"]

1. e4 c5 2. Nf3 Nc6 3. d4 cxd4 4. Nxd4 Nf6 5. Nc3 d6 6. Bg5 e6 7. Qd2 a6 8.
O-O-O Bd7 9. f4 Be7 10. Nf3 b5 11. e5 b4 12. exf6 bxc3 13. Qxc3 gxf6 14. Kb1 d5
15. Bh4 Nb4 16. Nd4 Rc8 17. Qd2 Rb8 18. c3 Nc6 19. Bxa6 Qa5 20. Nxc6 Bxc6 21.
Bd3 Kd7 22. Bc4 Ba4 23. Bxd5 exd5 24. Qxd5+ Qxd5 25. Rxd5+ Kc7 26. Re1 Rhe8 27.
Ra5 Bc6 28. Ra7+ Bb7 29. f5 Bd6 30. Rd1 Be5 31. Bf2 Rbd8 32. Rxd8 Rxd8 33. Kc2
Bxh2 34. b4 Rg8 35. Kb3 Rxg2 36. Bd4 Bg1 37. a4 h5 38. a5 Bxd4 39. cxd4 Kb8 0-1

[Event "I Festival A"]
[Site "Lodi ITA"]
[Date "2005.06.11"]
[Round "3"]
[White "Vivo, Mario"]
[Black "Nelli, Carlo"]
[Result "1-0"]
[WhiteElo "2144"]
[BlackElo "2024"]
[PlyCount "107"]
[EventDate "2005.06.10"]

1. e4 d6 2. d4 Nf6 3. Nc3 g6 4. f4 Bg7 5. Nf3 c5 6. Bb5+ Bd7 7. e5 Ng4 8. h3
Bxb5 9. Nxb5 Qa5+ 10. Nc3 cxd4 11. Qxd4 dxe5 12. Qd5 Qxd5 13. Nxd5 e4 14. Nc7+
Kd7 15. Nxa8 exf3 16. hxg4 fxg2 17. Rg1 Nc6 18. Rxg2 Rxa8 19. Bd2 Bxb2 20. Rb1
Bg7 21. Rxb7+ Kc8 22. Rb5 Kc7 23. Be3 Rd8 24. Ke2 Rd4 25. Rb3 Ra4 26. a3 e6 27.
Rg1 Na5 28. Rd3 Nc4 29. Bc1 e5 30. Rgd1 exf4 31. Rd7+ Kc6 32. Rxf7 Be5 33. Rd3
h5 34. gxh5 gxh5 35. Rh3 Nd6 36. Rf8 Ne4 37. Rd3 Bd6 38. Rc8+ Kd7 39. Rg8 Rc4
40. Kf3 Nf6 41. Rg6 Ne8 42. c3 Ke7 43. Rh6 Nf6 44. Rxf6 Bxa3 45. Bxa3+ Kxf6 46.
Bb4 Ke6 47. Rd6+ Ke5 48. Rh6 Kf5 49. Rxh5+ Ke6 50. Rh6+ Kd5 51. Rd6+ Ke5 52.
Ra6 Kd5 53. Rxa7 Kc6 54. Rf7 1-0

[Event "I Festival A"]
[Site "Lodi ITA"]
[Date "2005.06.11"]
[Round "3"]
[White "Vocaturo, Daniele"]
[Black "Mora, Paolo"]
[Result "0-1"]
[WhiteElo "2303"]
[BlackElo "2137"]
[PlyCount "62"]
[EventDate "2005.06.10"]

1. e4 e5 2. Nf3 Nc6 3. Bb5 a6 4. Ba4 Nf6 5. O-O b5 6. Bb3 Bb7 7. Re1 Bc5 8. c3
O-O 9. d4 Bb6 10. Bg5 h6 11. Bxf6 Qxf6 12. Bd5 d6 13. Na3 Rfe8 14. Nc2 Rab8 15.
a4 exd4 16. cxd4 Nxd4 17. Ncxd4 Bxd5 18. exd5 Rxe1+ 19. Qxe1 Bxd4 20. axb5 axb5
21. Rc1 Bxb2 22. Rxc7 Ra8 23. Qe4 Ra1+ 24. Ne1 Qf5 25. Qe8+ Kh7 26. Kf1 Qd3+
27. Qe2 Rxe1+ 28. Kxe1 Bc3+ 29. Rxc3 Qxc3+ 30. Kd1 Qa1+ 31. Kd2 Qa2+ 0-1

[Event "I Festival A"]
[Site "Lodi ITA"]
[Date "2005.06.11"]
[Round "3"]
[White "Wauters, Alain"]
[Black "Zanellato, Lorenzo"]
[Result "1/2-1/2"]
[WhiteElo "2227"]
[BlackElo "2087"]
[PlyCount "106"]
[EventDate "2005.06.10"]

1. c4 c6 2. d4 d5 3. Nc3 Nf6 4. Nf3 dxc4 5. a4 Bf5 6. e3 e6 7. Bxc4 Bb4 8. O-O
O-O 9. Qe2 Nbd7 10. e4 Bg6 11. Bd3 Bh5 12. e5 Nd5 13. Nxd5 cxd5 14. Qe3 Be7 15.
Bd2 Rc8 16. Rfc1 Rxc1+ 17. Rxc1 Nb8 18. Ne1 Nc6 19. Nc2 Qb6 20. Bc3 Rc8 21. f4
Qd8 22. Rf1 Bg6 23. f5 Bg5 24. Qh3 exf5 25. Bxf5 Rc7 26. Ne3 Ne7 27. Bxg6 Bxe3+
28. Qxe3 hxg6 29. g4 Qd7 30. Qf4 Qe6 31. h3 Rc4 32. a5 a6 33. Ra1 Qc6 34. Rf1
Qe6 35. Ra1 Qc6 36. h4 Ra4 37. Rf1 Qe6 38. Kh2 Nc6 39. Qg5 Qe7 40. Qf4 Qxh4+
41. Kg2 Qe7 42. Rh1 f6 43. exf6 gxf6 44. Re1 Qf7 45. Qd6 Rc4 46. Re6 Kg7 47.
Qxd5 Nd8 48. Qxc4 Qxe6 49. d5 Qe3 50. Qc7+ Nf7 51. Qxb7 Qe2+ 52. Kg3 Qe3+ 53.
Kg2 Qe2+ 1/2-1/2